Peinture moderne: tendances contemporaines

Uloženo v:
Podrobná bibliografie
Hlavní autor: Ponente, Nello (Autor)
Médium: Kniha
Jazyk:francouzština
Vydáno: París Albert Skira 1960
Edice:Peinture Couleur Histoire
Témata:
Tagy: Přidat tag
Žádné tagy, Buďte první, kdo vytvoří štítek k tomuto záznamu!

MARC

LEADER 00000nam a2200000 a 4500
001 UCU9185
003 CL-VaPUC
008 960809e19600000FR |||||||||||||||||fre|d
082 0 4 |a 759.06  |b PON  |2 21 
100 0 |a Ponente, Nello  |e author  |9 368281 
245 1 0 |a Peinture moderne: tendances contemporaines 
300 |a 214 p 
942 |c BK 
945 |d 19960809 00:00:00  |a rleighto 
260 |a París  |b Albert Skira  |c 1960 
600 0 7 |a ALBERS, JOSEF  |2 CL-VaPUC  |9 368282 
600 0 7 |a BILL, MAX  |2 CL-VaPUC  |9 368283 
600 0 7 |a FAUTRIER, JEAN  |2 CL-VaPUC  |9 368284 
600 0 7 |a FRANCIS, SAM  |2 CL-VaPUC  |9 368285 
650 0 |a Obras de arte  |9 337253 
650 7 |a BELLAS ARTE  |2 CL-VaPUC  |9 360318 
650 0 |a Pintura moderna  |9 265600 
650 7 |a GALERIAS DE ARTE  |2 CL-VaPUC  |9 368286 
650 7 |a EXPOSICIONES CULTURALES  |2 CL-VaPUC  |9 368287 
583 |a last modification  |c 19960809 00:00:00  |k Rodrigo Vera 
490 0 |a Peinture Couleur Histoire 
999 |c 251052  |d 251050 
952 |0 0  |1 0  |2 ddc  |4 0  |6 759_060000000000000_PON_1960  |7 0  |8 P  |9 269985  |a BIBARQ  |b BIBARQ  |d 2019-11-19  |i 3217876  |l 1  |o 759.06 PON 1960  |p 3217876  |r 2025-01-20  |s 2023-10-02  |w 2019-11-19  |y BK  |k ARQ